Schaum's outline of theory and problems of finite element analysis /
Guardado en:
| Autor Principal: | |
|---|---|
| Formato: | Libro |
| Idioma: | English |
| Publicado: |
New York :
McGraw-Hill,
c1995.
|
| Series: | Schaum's outline series
|
| Materias: | |
| Acceso en línea: | Descripción Tabla de contenido |
| Etiquetas: |
Agregar Etiqueta
Sin Etiquetas, Sea el primero en etiquetar este registro!
|
| LEADER | 01208cam a22003015a 4500 | ||
|---|---|---|---|
| 001 | EIQ.libpla001845 | ||
| 008 | 940407s1994####nyua#####b####001#0#eng#d | ||
| 005 | 20150623095902.0 | ||
| 245 | 1 | 0 | |a Schaum's outline of theory and problems of finite element analysis / |c George R. Buchanan. |
| 260 | |a New York : |b McGraw-Hill, |c c1995. | ||
| 300 | |a viii, 264 p. : |b il. ; |c 28 cm. | ||
| 490 | 1 | |a Schaum's outline series | |
| 504 | |a Incluye referencias bibliográficas (p. 257-258) e índice. | ||
| 020 | |a 0070087148 (recycled paper) | ||
| 100 | 1 | |a Buchanan, George R. | |
| 830 | 0 | |a Schaum's outline series | |
| 246 | 1 | 0 | |a Finite element analysis. |
| 246 | 1 | 0 | |a Theory and problems of Finite element analysis. |
| 082 | 0 | 0 | |a 620/.001/51535 |2 20 |
| 650 | 4 | |a Método de elementos finitos |x Teoría. | |
| 650 | 4 | |a Elementos finitos |x Problemas. | |
| 650 | 4 | |a Finite element method |x Theory. | |
| 650 | 4 | |a Finite element method |x Problems. | |
| 010 | |a 94011362 | ||
| 040 | |a DLC |c DLC |d AR-BbSID | ||
| 856 | 4 | 2 | |3 Descripción |u http://www.loc.gov/catdir/description/mh022/94011362.html |
| 856 | 4 | 1 | |3 Tabla de contenido |u http://www.loc.gov/catdir/toc/mh022/94011362.html |
| 859 | |a AR-BbSID |b BIB. PLAPIQUI |h 515.35 |i B85 |p 4724 | ||
